[Event "Oskarja Memorial 10th"]
[Site "Chess.com INT"]
[Date "2021.01.16"]
[Round "3"]
[White "Jazbec, Hinko"]
[Black "Zobenica, Cedomir"]
[Result "0-1"]
[WhiteElo "1971"]
[BlackElo "1430"]
[PlyCount "82"]
[EventDate "2021.01.16"]
[EventType "swiss (blitz)"]
[EventRounds "15"]
[EventCountry "SLO"]
[SourceTitle "CBM 200 Extra"]
[Source "ChessBase"]
[SourceDate "2021.03.31"]
[SourceVersion "1"]
[SourceVersionDate "2021.03.31"]
[SourceQuality "1"]

1. e4 e5 2. Nf3 d6 3. Bc4 Bg4 4. d4 Nd7 5. c3 Ngf6 6. h3 Bxf3 7. Qxf3 Be7 8. 0-0 0-0 9. Re1 a6 10. Bg5 b5 11. Bb3 a5 12. Nd2 a4 13. Bc2 g6 14. g4 Ne8 15. Bh6 Ng7 16. Nf1 Bg5 17. Bxg5 Qxg5 18. Qe3 Qxe3 19. Nxe3 c6 20. Rad1 Rad8 21. Kg2 Ne6 22. Kg3 Kg7 23. Ng2 h6 24. f4 exf4+ 25. Nxf4 Nxf4 26. Kxf4 Nb6 27. b3 axb3 28. axb3 Nd7 29. Ra1 Nf6 30. Ra6 Rc8 31. h4 d5 32. e5 Ne8 33. g5 h5 34. Kg3 c5 35. dxc5 Rxc5 36. c4 bxc4 37. bxc4 Rxc4 38. Bd3 Rc3 39. Re3 d4 40. Rf3 Nc7 41. Rd6 Ne6 0-1

[Event "Oskarja Memorial 10th"]
[Site "Chess.com INT"]
[Date "2021.01.16"]
[Round "11"]
[White "Kos, Jernej"]
[Black "Jazbec, Hinko"]
[Result "0-1"]
[WhiteElo "1244"]
[BlackElo "1971"]
[PlyCount "44"]
[EventDate "2021.01.16"]
[EventType "swiss (blitz)"]
[EventRounds "15"]
[EventCountry "SLO"]
[SourceTitle "CBM 200 Extra"]
[Source "ChessBase"]
[SourceDate "2021.03.31"]
[SourceVersion "1"]
[SourceVersionDate "2021.03.31"]
[SourceQuality "1"]

1. d4 e5 2. d5 Bc5 3. c4 Nf6 4. Nc3 d6 5. Bg5 Bxf2+ 6. Kxf2 Ng4+ 7. Ke1 Qxg5 8. Nf3 Qe3 9. Qd3 f5 10. h3 e4 11. hxg4 exd3 12. Nd1 Qf4 13. gxf5 Bxf5 14. b3 0-0 15. e3 Qg3+ 16. Kd2 Bg4 17. Bxd3 Qxg2+ 18. Kc3 Qxh1 19. Ng5 Bf5 20. Be2 h6 21. Ne6 Qe1+ 22. Kd4 Qd2+ 0-1

[Event "Oskarja Memorial 10th"]
[Site "Chess.com INT"]
[Date "2021.01.16"]
[Round "4"]
[White "Pockaj, Janez"]
[Black "Jazbec, Hinko"]
[Result "1-0"]
[WhiteElo "1341"]
[BlackElo "1971"]
[PlyCount "101"]
[EventDate "2021.01.16"]
[EventType "swiss (blitz)"]
[EventRounds "15"]
[EventCountry "SLO"]
[SourceTitle "CBM 200 Extra"]
[Source "ChessBase"]
[SourceDate "2021.03.31"]
[SourceVersion "1"]
[SourceVersionDate "2021.03.31"]
[SourceQuality "1"]

1. e4 e5 2. Nf3 d6 3. Bc4 Be7 4. d4 exd4 5. Qxd4 Nf6 6. e5 dxe5 7. Qxd8+ Bxd8 8. Nxe5 0-0 9. 0-0 Nbd7 10. Nxf7 Rxf7 11. Bxf7+ Kxf7 12. Nc3 c6 13. Bg5 Be7 14. Rfe1 h6 15. Bf4 Nb6 16. Ne4 Nxe4 17. Rxe4 Bf5 18. Re2 Nc4 19. b3 Bf6 20. Rd1 Nb6 21. c4 Re8 22. Red2 Bc3 23. Rd8 Re7 24. h3 Bc2 25. Rc1 Re2 26. Kf1 Bb2 27. Kxe2 Bxc1 28. Bxc1 Bf5 29. g4 Bd7 30. Be3 Ke7 31. Rg8 Kf7 32. Rh8 Nc8 33. Kd3 Be8 34. g5 hxg5 35. Bxg5 Nd6 36. Rh4 Nf5 37. Rf4 Ke6 38. Re4+ Kd7 39. h4 Bg6 40. Kc3 c5 41. Re5 b6 42. Rd5+ Kc6 43. h5 Bh7 44. Bf4 Kb7 45. Rd7+ Ka6 46. Bb8 b5 47. cxb5+ Kxb5 48. Bxa7 Kc6 49. Rf7 Bg8 50. Rf8 Be6 51. a4 1-0

[Event "SLO-ch 29th"]
[Site "Radenci"]
[Date "2019.05.02"]
[Round "7"]
[White "Florjancic, Rudolf"]
[Black "Jazbec, Hinko"]
[Result "0-1"]
[WhiteElo "1779"]
[BlackElo "1971"]
[PlyCount "170"]
[EventDate "2019.04.27"]
[EventType "swiss"]
[EventRounds "9"]
[EventCountry "SLO"]
[SourceTitle "CBM 190 Extra"]
[Source "ChessBase"]
[SourceDate "2019.07.15"]
[SourceVersion "1"]
[SourceVersionDate "2019.07.15"]
[SourceQuality "1"]

1. Nf3 Nf6 2. g3 g6 3. Bg2 Bg7 4. d4 0-0 5. c4 d6 6. 0-0 Nbd7 7. Nbd2 c6 8. b3 Re8 9. Bb2 e5 10. e3 e4 11. Ne1 d5 12. Nc2 Nb6 13. c5 Nbd7 14. f3 exf3 15. Nxf3 Ng4 16. Bc1 f5 17. Rb1 Ngf6 18. b4 Ne4 19. Bd2 b6 20. b5 cxb5 21. c6 Nb8 22. Nb4 a5 23. c7 Qxc7 24. Nxd5 Qd6 25. Nc3 Nxc3 26. Bxc3 Ra7 27. Re1 b4 28. Bb2 Be6 29. Ra1 Rae7 30. Ne5 Bd5 31. Bf1 Rc8 32. a4 Nd7 33. Nd3 g5 34. Nf2 Nf6 35. Rc1 Rce8 36. Bb5 Rd8 37. Qd3 Qe6 38. Bc4 Bxc4 39. Qxc4 Qxc4 40. Rxc4 Rde8 41. Nd1 Nd5 42. Kf2 Rc7 43. Rxc7 Nxc7 44. Ke2 f4 45. gxf4 gxf4 46. Kd3 fxe3 47. Rxe3 Rxe3+ 48. Nxe3 b5 49. axb5 Nxb5 50. Kc4 Nd6+ 51. Kb3 Kf7 52. Ka4 Bh6 53. Nd1 Bd2 54. Kxa5 Nc4+ 55. Ka4 Ke6 56. Ba1 Kd5 57. Kb3 Na5+ 58. Kc2 Bf4 59. Kd3 Bxh2 60. Ne3+ Kc6 61. Bc3 bxc3 62. Kxc3 Bg1 63. Nf5 Kd5 64. Kd3 Nc6 65. Ng3 Bxd4 66. Ke2 Be5 67. Nf1 Bf4 68. Kf3 Ke5 69. Kg4 Nd8 70. Ng3 Bxg3 71. Kxg3 Kf5 72. Kh4 Nf7 73. Kh5 h6 74. Kh4 Kf4 75. Kh3 Nd6 76. Kh4 Kf3 77. Kh3 Nf5 78. Kh2 h5 79. Kh3 h4 80. Kh2 Kg4 81. Kg2 h3+ 82. Kh2 Nd6 83. Kh1 Kg3 84. Kg1 Ne4 85. Kh1 Nf2+ 0-1

[Event "SLO-ch 29th"]
[Site "Radenci"]
[Date "2019.04.29"]
[Round "4"]
[White "Jazbec, Hinko"]
[Black "Mohar, Martin"]
[Result "1-0"]
[WhiteElo "1971"]
[BlackElo "1657"]
[PlyCount "67"]
[EventDate "2019.04.27"]
[EventType "swiss"]
[EventRounds "9"]
[EventCountry "SLO"]
[SourceTitle "CBM 190 Extra"]
[Source "ChessBase"]
[SourceDate "2019.07.15"]
[SourceVersion "1"]
[SourceVersionDate "2019.07.15"]
[SourceQuality "1"]

1. e4 c5 2. Nc3 Nc6 3. g3 g6 4. Bg2 Bg7 5. d3 d6 6. f4 e6 7. Nf3 Nge7 8. 0-0 0-0 9. Be3 b6 10. d4 d5 11. e5 Nf5 12. Bf2 Ncxd4 13. Nxd4 Nxd4 14. Bxd4 cxd4 15. Qxd4 Ba6 16. Rfe1 Qc7 17. Rad1 Rae8 18. Qa4 Bb7 19. Ne2 f6 20. exf6 Bxf6 21. c3 a5 22. Nd4 Qc5 23. Kh1 Qc8 24. Qb5 Bd8 25. Bh3 Qc4 26. Qxc4 dxc4+ 27. Kg1 Kh8 28. Nxe6 Rg8 29. Nxd8 Rxd8 30. Be6 Rgf8 31. Rxd8 Rxd8 32. Bxc4 Bf3 33. Be2 Bb7 34. Rd1 1-0

[Event "SLO-chT 27th"]
[Site "Slovenia"]
[Date "2017.10.21"]
[Round "5.2"]
[White "Murko, David"]
[Black "Jazbec, Hinko"]
[Result "1-0"]
[WhiteElo "2075"]
[BlackElo "1991"]
[PlyCount "77"]
[EventDate "2017.09.29"]
[EventType "team-tourn"]
[EventRounds "9"]
[EventCountry "SLO"]
[SourceTitle "CBM 181 Extra"]
[Source "ChessBase"]
[SourceDate "2017.12.12"]
[SourceVersion "1"]
[SourceVersionDate "2017.12.12"]
[SourceQuality "1"]
[WhiteTeam "Ptuj"]
[BlackTeam "Zagorje ob Savi"]
[WhiteTeamCountry "SLO"]
[BlackTeamCountry "SLO"]

1. e4 e5 2. Nf3 d6 3. d4 Nf6 4. Nc3 Nbd7 5. g4 Nxg4 6. Rg1 Ngf6 7. Be3 c6 8. Qd3 Qa5 9. 0-0-0 h6 10. Nd2 g5 11. h4 g4 12. f4 exf4 13. Nc4 Qc7 14. Bxf4 Nh5 15. Bh2 b5 16. Ne3 g3 17. Bxg3 Nxg3 18. Rxg3 Nf6 19. e5 Nh5 20. exd6 Bxd6 21. Qe4+ Kf8 22. Rf3 Qe7 23. Bxb5 Qxe4 24. Nxe4 Bf4 25. Bxc6 Bg4 26. Rxf4 Bxd1 27. Rf2 Rc8 28. Bd5 Bxc2 29. Rxf7+ Ke8 30. Nd6+ Kd8 31. Nxc8 Bg6 32. Rxa7 Re8 33. Nc4 Re1+ 34. Kd2 Rf1 35. N8d6 Rf4 36. Ne5 Be8 37. Ke3 Rf1 38. Nxe8 Kxe8 39. Bc6+ 1-0

[Event "SLO-chT 27th"]
[Site "Slovenia"]
[Date "2017.10.20"]
[Round "4.5"]
[White "Jazbec, Hinko"]
[Black "Zupancic, Jernej"]
[Result "1/2-1/2"]
[WhiteElo "1991"]
[BlackElo "2211"]
[PlyCount "75"]
[EventDate "2017.09.29"]
[EventType "team-tourn"]
[EventRounds "9"]
[EventCountry "SLO"]
[SourceTitle "CBM 181 Extra"]
[Source "ChessBase"]
[SourceDate "2017.12.12"]
[SourceVersion "1"]
[SourceVersionDate "2017.12.12"]
[SourceQuality "1"]
[WhiteTeam "Zagorje ob Savi"]
[BlackTeam "Novo Mesto Krka"]
[WhiteTeamCountry "SLO"]
[BlackTeamCountry "SLO"]

1. e4 e5 2. Nf3 Nf6 3. Nxe5 d6 4. Nf3 Nxe4 5. Qe2 Qe7 6. d3 Nf6 7. Bg5 Be6 8. Nc3 h6 9. Bh4 g5 10. Bg3 Nc6 11. Nb5 0-0-0 12. Nfd4 Nxd4 13. Nxd4 Bd7 14. 0-0-0 Qxe2 15. Bxe2 Bg7 16. c3 Rde8 17. Rde1 Re7 18. Bd1 Rhe8 19. Kd2 Rxe1 20. Rxe1 Rxe1 21. Kxe1 Nd5 22. Bb3 Nb4 23. cxb4 Bxd4 24. Bxf7 Bxb2 25. Kd2 Bc6 26. f3 Bd4 27. h4 Kd7 28. hxg5 hxg5 29. Bc4 b5 30. Bb3 Ke7 31. Be1 Kf6 32. Ke2 a6 33. g4 Be5 34. Bd2 d5 35. Kf2 d4 36. a3 Bd6 37. Kg2 Bb7 38. Bg8 1/2-1/2

[Event "SLO-chT 27th"]
[Site "Slovenia"]
[Date "2017.09.29"]
[Round "1.2"]
[White "Diermair, Andreas"]
[Black "Jazbec, Hinko"]
[Result "1-0"]
[WhiteElo "2488"]
[BlackElo "1991"]
[PlyCount "89"]
[EventDate "2017.09.29"]
[EventType "team-tourn"]
[EventRounds "9"]
[EventCountry "SLO"]
[SourceTitle "EXT 2018"]
[Source "ChessBase"]
[SourceDate "2017.10.13"]
[SourceVersion "1"]
[SourceVersionDate "2017.10.13"]
[SourceQuality "1"]
[WhiteTeam "Ljubljana Duol"]
[BlackTeam "Zagorje ob Savi"]
[WhiteTeamCountry "SLO"]
[BlackTeamCountry "SLO"]

1. Nf3 Nf6 2. c4 c5 3. Nc3 Nc6 4. d4 cxd4 5. Nxd4 g6 6. e4 d6 7. Be2 Bg7 8. Be3 0-0 9. 0-0 Nd7 10. Qd2 a6 11. Rad1 Nxd4 12. Bxd4 Bxd4 13. Qxd4 b6 14. f4 Qe8 15. Bf3 Rb8 16. b3 Nc5 17. Qe3 Bb7 18. Rfe1 Nd7 19. Rd2 Bc6 20. e5 Bxf3 21. exd6 exd6 22. gxf3 Qxe3+ 23. Rxe3 Nc5 24. Rxd6 Rfd8 25. Rd5 Ne6 26. f5 gxf5 27. Kf2 f4 28. Red3 Rdc8 29. Ne4 Kg7 30. Rd1 Rc6 31. Rf5 b5 32. Rd7 Nd8 33. c5 b4 34. Rxf4 Kf8 35. Rf5 Ke8 36. Ra7 Nb7 37. h4 Kf8 38. Ng5 f6 39. Ne4 Ke7 40. Rh5 Ke6 41. Rxh7 Nxc5 42. Rae7+ Kd5 43. Rh5+ f5 44. Rxf5+ Kd4 45. Rd7+ 1-0

[Event "SLO-ch"]
[Site "Otocec"]
[Date "2016.05.01"]
[Round "9"]
[White "Jazbec, Hinko"]
[Black "Debevec, Blaz"]
[Result "0-1"]
[WhiteElo "1983"]
[BlackElo "2134"]
[PlyCount "90"]
[EventDate "2016.04.23"]
[EventType "swiss"]
[EventRounds "9"]
[EventCountry "SLO"]
[SourceTitle "CBM 172 Extra"]
[Source "ChessBase"]
[SourceDate "2016.06.21"]
[SourceVersion "1"]
[SourceVersionDate "2016.06.21"]
[SourceQuality "1"]

1. e4 e5 2. Nf3 Nc6 3. Bb5 f5 4. d3 Nf6 5. Nc3 Bb4 6. exf5 0-0 7. 0-0 Bxc3 8. bxc3 d6 9. Bc4+ Kh8 10. Be6 Bxe6 11. fxe6 Qe7 12. Qe2 Qxe6 13. Nd4 Qd7 14. Nxc6 Qxc6 15. c4 Rae8 16. a4 a5 17. Bd2 b6 18. c3 Kg8 19. Bg5 Nd7 20. Be3 Re6 21. d4 Qe4 22. f3 Qf5 23. Qd2 Rg6 24. Ra2 e4 25. f4 Nf6 26. c5 Nd5 27. cxb6 Nxb6 28. Kh1 Nc4 29. Qf2 d5 30. Rb1 Rb6 31. Rf1 Rfb8 32. Bc1 Rh6 33. Be3 Qh5 34. h3 Qf5 35. Kg1 Rbb6 36. g4 Rhg6 37. Qg3 h5 38. Rg2 hxg4 39. hxg4 Rb2 40. Bf2 Qd7 41. f5 Rgb6 42. Qf4 Nd2 43. Bg3 Nxf1 44. Rxb2 Rxb2 45. Kxf1 Qxa4 0-1

[Event "SLO-ch"]
[Site "Otocec"]
[Date "2016.04.23"]
[Round "1"]
[White "Plenca, Jadranko"]
[Black "Jazbec, Hinko"]
[Result "1-0"]
[WhiteElo "2400"]
[BlackElo "1983"]
[PlyCount "89"]
[EventDate "2016.04.23"]
[EventType "swiss"]
[EventRounds "9"]
[EventCountry "SLO"]
[SourceTitle "CBM 172 Extra"]
[Source "ChessBase"]
[SourceDate "2016.06.21"]
[SourceVersion "1"]
[SourceVersionDate "2016.06.21"]
[SourceQuality "1"]

1. e4 e5 2. Nf3 d6 3. d4 Nf6 4. dxe5 Nxe4 5. Bc4 c6 6. exd6 Bxd6 7. 0-0 0-0 8. Nbd2 Nxd2 9. Bxd2 Bg4 10. h3 Bxf3 11. Qxf3 Qh4 12. Bd3 g6 13. Bc3 Qf4 14. Qxf4 Bxf4 15. Rad1 Rd8 16. g3 Bg5 17. h4 Be7 18. Rfe1 Kf8 19. Be5 Nd7 20. Bc7 Rdc8 21. Bf4 Nc5 22. Bh6+ Ke8 23. Re2 Rc7 24. Bc4 b5 25. Bf4 Rd7 26. Rxd7 Kxd7 27. Bxf7 Rf8 28. Bb3 a5 29. Bh6 Ra8 30. Bf7 Bf6 31. c4 a4 32. Be3 Rf8 33. Bxg6 hxg6 34. Bxc5 Rf7 35. b3 Bc3 36. cxb5 axb3 37. axb3 cxb5 38. Re4 Rf5 39. Bd4 b4 40. Bxc3 bxc3 41. Rc4 Rf3 42. Kf1 Rd3 43. Ke2 Rd2+ 44. Ke3 Rc2 45. b4 1-0

[Event "Ljubljana-chT 69th 1st League"]
[Site "Ljubljana"]
[Date "2016.03.17"]
[Round "7.1"]
[White "Jazbec, Hinko"]
[Black "Vidmar, Klara"]
[Result "1-0"]
[WhiteElo "1983"]
[BlackElo "1647"]
[PlyCount "77"]
[EventDate "2016.01.14"]
[EventType "team-tourn"]
[EventRounds "9"]
[EventCountry "SLO"]
[SourceTitle "EXT 2022"]
[Source "ChessBase"]
[SourceDate "2021.10.06"]
[SourceVersion "1"]
[SourceVersionDate "2021.10.06"]
[SourceQuality "1"]
[WhiteTeam "Zagorje ob Savi"]
[BlackTeam "Komenda Suma"]
[WhiteTeamCountry "SLO"]
[BlackTeamCountry "SLO"]

1. e4 c5 2. Nc3 Nc6 3. g3 e6 4. Bg2 Nf6 5. f4 d5 6. e5 Nd7 7. Nf3 Be7 8. 0-0 0-0 9. Kh1 a6 10. d4 Nb6 11. Ne2 Bd7 12. c3 Rc8 13. dxc5 Bxc5 14. Ned4 Nxd4 15. Nxd4 Bxd4 16. cxd4 Bb5 17. Rf2 Qc7 18. b3 Qc3 19. Ba3 Rfe8 20. Bc5 Nd7 21. Bd6 Nb8 22. a4 Bd7 23. Bc5 Qa5 24. f5 Nc6 25. f6 Nxe5 26. b4 Qc7 27. dxe5 Qxe5 28. Bd4 Qg5 29. fxg7 e5 30. Bc5 e4 31. Qd4 e3 32. Re2 Bg4 33. Rxe3 Rxe3 34. Qxe3 Qxg7 35. Bd4 Qg6 36. Re1 Be6 37. Qe5 f6 38. Qxe6+ Qf7 39. Qxc8+ 1-0

[Event "SLO-chT1 East"]
[Site "Slovenia"]
[Date "2015.11.28"]
[Round "8"]
[White "Jazbec, Hinko"]
[Black "Mitrovic, Milan1111"]
[Result "1-0"]
[WhiteElo "1970"]
[BlackElo "1987"]
[PlyCount "167"]
[EventDate "2015.10.16"]
[EventType "team-tourn"]
[EventRounds "9"]
[EventCountry "SLO"]
[SourceTitle "EXT 2019"]
[Source "ChessBase"]
[SourceDate "2018.10.10"]
[SourceVersion "1"]
[SourceVersionDate "2018.10.10"]
[SourceQuality "1"]
[WhiteTeam "Zagorje ob Savi"]
[BlackTeam "Milan Majcen Sevnica"]
[WhiteTeamCountry "SLO"]
[BlackTeamCountry "SLO"]

1. e4 c5 2. Nc3 d6 3. g3 Nc6 4. Bg2 g6 5. f4 Bg7 6. Nf3 e6 7. 0-0 Nge7 8. d3 0-0 9. Be3 Nd4 10. Qd2 Nec6 11. Nd1 Qc7 12. Nh4 Ne7 13. Qf2 Rb8 14. g4 f5 15. c3 Ndc6 16. exf5 exf5 17. g5 b6 18. Nf3 Ba6 19. Qc2 d5 20. Bd2 Rbd8 21. a3 d4 22. c4 Rfe8 23. b4 Bb7 24. b5 Nb8 25. a4 Nd7 26. a5 Nc8 27. a6 Ba8 28. Nf2 Re7 29. Rae1 Rde8 30. Qd1 Qd8 31. Rxe7 Rxe7 32. Re1 Qe8 33. Rxe7 Qxe7 34. Qe1 Qxe1+ 35. Nxe1 Bxg2 36. Kxg2 Bf8 37. Kf3 Bd6 38. Nh1 Kf7 39. Ng3 Bc7 40. h4 Bd6 41. h5 Ne7 42. Ng2 Ke6 43. Nh4 Nf8 44. Bc1 Bc7 45. Bb2 Kf7 46. h6 Ne6 47. Ne2 Bd6 48. Ng2 Ke8 49. Ne1 Kd7 50. Nc2 Nc8 51. Bc1 Bc7 52. Ng3 Ne7 53. Bd2 Nf8 54. Bc1 Ne6 55. Ne1 Nf8 56. Ng2 Ke6 57. Nh4 Bd6 58. Bb2 Bc7 59. Ne2 Kd7 60. Ng3 Ke6 61. Ne2 Kd7 62. Ba3 Bd6 63. Ng2 Ne6 64. Nh4 Nf8 65. Bc1 Bc7 66. Ng3 Ke6 67. Bb2 Kf7 68. Bc1 Ke6 69. Nh1 Kf7 70. Nf2 Nd7 71. Nd1 Ke6 72. Nb2 Kf7 73. Na4 Ke6 74. Ba3 Kf7 75. Ng2 Nc8 76. Ne1 Bd6 77. Nc2 Ke6 78. Bb2 Ke7 79. Bxd4 cxd4 80. Nxd4 Nc5 81. Nxf5+ Kd7 82. Nxd6 Kxd6 83. Nxc5 bxc5 84. f5 1-0

[Event "SLO-chT2 East"]
[Site "Slovenia"]
[Date "2013.12.09"]
[Round "8"]
[White "Skuhala, Barbara"]
[Black "Jazbec, Hinko"]
[Result "1/2-1/2"]
[WhiteElo "1885"]
[BlackElo "1960"]
[PlyCount "96"]
[EventDate "2013.09.07"]
[EventType "team-tourn"]
[EventRounds "9"]
[EventCountry "SLO"]
[SourceTitle "EXT 2015"]
[Source "ChessBase"]
[SourceDate "2014.11.20"]
[SourceVersion "1"]
[SourceVersionDate "2014.11.20"]
[SourceQuality "1"]

1. e4 e5 2. Nf3 d6 3. Bc4 Be7 4. 0-0 Nf6 5. d3 c6 6. Re1 0-0 7. Bb3 Nbd7 8. c3 Qc7 9. Nbd2 Re8 10. Nf1 Bf8 11. Ng3 g6 12. h3 Bg7 13. Be3 Nc5 14. Bc2 h6 15. Qd2 Kh7 16. Nh2 Ne6 17. d4 g5 18. Nf5 Nf4 19. Bxf4 gxf4 20. dxe5 dxe5 21. Qe2 Bf8 22. Ng4 Ng8 23. Qf3 Re6 24. Bb3 Rg6 25. h4 h5 26. Nh2 Nf6 27. Qe2 Ng4 28. Nf3 Bc5 29. Rf1 Be6 30. Ng5+ Kh8 31. Rad1 a5 32. Bxe6 fxe6 33. b4 Ba7 34. Nd6 axb4 35. cxb4 Bd4 36. Nc4 Qe7 37. Nd2 Ra7 38. Ngf3 Qxb4 39. Rb1 Qe7 40. Qc4 Ra8 41. Nxd4 exd4 42. Qxd4+ e5 43. Qb2 b5 44. Nf3 Rb8 45. Rfd1 Rd6 46. Re1 b4 47. Qb3 Kg7 48. Ng5 Nf6 1/2-1/2

[Event "SLO-chT2 East"]
[Site "Slovenia"]
[Date "2013.11.16"]
[Round "6"]
[White "Marguc, Franc"]
[Black "Jazbec, Hinko"]
[Result "0-1"]
[WhiteElo "1887"]
[BlackElo "1960"]
[PlyCount "76"]
[EventDate "2013.09.07"]
[EventType "team-tourn"]
[EventRounds "9"]
[EventCountry "SLO"]
[SourceTitle "EXT 2015"]
[Source "ChessBase"]
[SourceDate "2014.11.20"]
[SourceVersion "1"]
[SourceVersionDate "2014.11.20"]
[SourceQuality "1"]

1. e4 e5 2. Nf3 d6 3. d4 Nf6 4. Nc3 Nbd7 5. dxe5 dxe5 6. Be2 Be7 7. 0-0 0-0 8. Bg5 c6 9. h3 Qc7 10. Bd3 Nc5 11. Qe2 Ne6 12. Be3 Nh5 13. g3 g6 14. Kg2 b5 15. a3 Rd8 16. Rfd1 Bc5 17. Bxc5 Nhf4+ 18. gxf4 Nxf4+ 19. Kg3 Nxe2+ 20. Bxe2 Be6 21. Ng5 Bc4 22. Bxc4 bxc4 23. Nf3 Rab8 24. Rxd8+ Rxd8 25. Rd1 a6 26. Nd2 Qb8 27. b4 cxb3 28. Nxb3 Rxd1 29. Nxd1 Qd8 30. Ne3 Qg5+ 31. Kh2 Qf4+ 32. Kg1 Qxe4 33. Bd6 f6 34. Nc5 Qd4 35. Nb7 h5 36. c4 Qb6 37. Nc5 Kf7 38. Ne4 Qb1+ 0-1